000 00317nam a2200133Ia 4500
005 20251222155045.0
008 251222s9999||||xx |||||||||||||| ||spa||
082 _aMEQ.284
100 _aDr.GERARDO HERNÁNDEZ M.
245 0 _aCáncer de mama
250 _a2da. ed.
264 _bMc Graw Hill-Interam.
942 _cLIB
999 _c37069
_d37069